| 000 | 01049nas a2200265Ia 4500 | ||
|---|---|---|---|
| 001 | R017/H6506 | ||
| 003 | IT-RoPAU | ||
| 008 | 151124c99999999xx |||||||||||| ||und|| | ||
| 040 | _aIT-RoPAU | ||
| 040 | _cIT-RoPAU | ||
| 041 | _aITALIANO | ||
| 100 |
_aAA.VV. _gCodice Aut. SPICS: 12000 |
||
| 210 | _aFILMCRITICA | ||
| 222 | _aFilmcritica | ||
| 245 |
_aFILMCRITICA SCUOLA, ANNO 9-N.34 (MAGGIO 2006) _bFilmcritica Scuola, Anno 9-N.34 (Maggio 2006) |
||
| 250 | _a1a ed. | ||
| 260 |
_aMONTEPULCIANO (SI) _bLE BALZE _c2006 |
||
| 501 |
_bPaulus - SPICS - Società San Paolo EM (non-commercial uses only) _cCopyright2015 |
||
| 300 | _a16 p. | ||
| 310 | _aTRIMESTRALE | ||
| 362 | _aANNO 009, N.34 (MAGGIO 2006) | ||
| 500 | _aSupplemento Rivista Filmcritica N. 565. Vittoria Sul Caimano di E. Bruno. Classic: Umberto D, Vittorio De Sica 1952 di A. Cappabianca. Leggere Cinema: Hugo Munsterberg di L. Esposito. Sugli Schermi: Sentire Impotenza Immagine di D. Dottorini; Nouvelle Vag | ||
| 650 |
_aCINEMA _vPUBBLICAZIONE PERIODICA |
||
| 942 | _cCR | ||
| 999 |
_c126596 _d126596 |
||